Score 0/20 Timer 02:00
0 Plays Today
Nursery Rhyme Missing Word % Correct
____ and JillJack
97.3%
Rock-a-bye ____Baby
96.9%
Baa Baa _____ SheepBlack
95.7%
_______ Dickory DockHickory
94.4%
There was an ___ womanOld
88.6%
Peter Peter _______ eaterPumpkin
86.4%
Hot _____ BunsCross
85.9%
Little Boy ____Blue
83.4%
One, Two, ______ my ShoeBuckle
79.7%
Old ____ ColeKing
78.8%
Nursery Rhyme Missing Word % Correct
Little Miss ______Muffet
72.7%
Old Mother _______Hubbard
64.5%
Wee ______ WinkieWillie
60.7%
Little Jack ______Horner
60.6%
Sing a Song of ________Sixpence
52.3%
The ________ BushMulberry
26.5%
Diddle, Diddle, ________Dumpling
19.7%
_______ GrundySolomon
19.4%
_________ is ComingChristmas
11.4%
The Lion and the _______Unicorn
4.6%

Today's Daily Dose

Remove Ads.
Support Sporcle.
Get the best of Sporcle when you Go Orange. This ad-free experience offers more features, more stats, and more fun while also helping to support Sporcle. Thank you for becoming a member.

You're not logged in!

Compare scores with friends on all Sporcle quizzes.
OR
Log In

Show Comments

Extras

Top Quizzes Today


Score Distribution

Your Account Isn't Verified!

In order to create a playlist on Sporcle, you need to verify the email address you used during registration. Go to your Sporcle Settings to finish the process.

Report this User

Report this user for behavior that violates our Community Guidelines.

Details: